[Event "Guimaraes Open 2018"]
[Site "Guimaraes"]
[Date "2018.10.06"]
[Round "3"]
[White "Ribeiro, Orlando Camilo Duar"]
[Black "Bazan Solera, Manuel"]
[Result "0-1"]
[WhiteElo "1461"]
[BlackElo "1932"]
[Annotator "NA RC"]
[PlyCount "114"]
[EventDate "2018.10.04"]
[EventType "swiss"]
[EventCountry "POR"]
[SourceTitle "playchess.com"]
[Source "ChessBase"]
[SourceQuality "1"]
[TimeControl "5400+30"]

1. e4 {[%emt 0:00:00]} d6 {[%emt 0:00:00]} 2. d4 {[%emt 0:01:02]} g6 {[%emt 0:00:00]} 3. Nf3 {[%emt 0:02:18]} Nf6 {[%emt 0:00:16]} 4. Bd3 {[%emt 0:01:11]} Bg7 {[%emt 0:00:10]} 5. Bf4 {[%emt 0:00:43]} O-O {[%emt 0:00:51]} 6. c3 {[%emt 0:00:39]} c5 {[%emt 0:05:58]} 7. h3 {[%emt 0:02:42]} cxd4 {[%emt 0:02:56]} 8. cxd4 {[%emt 0:01:23]} Nc6 {[%emt 0:00:10]} 9. Be3 {[%emt 0:01:38]} Nb4 {[%emt 0:01:00]} 10. Nc3 {[%emt 0:00:51]} Nxd3+ {[%emt 0:00:17]} 11. Qxd3 {[%emt 0:00:04]} Qa5 {[%emt 0:02:09]} 12. O-O {[%emt 0:02:44]} b6 {[%emt 0:04:49]} 13. Rfe1 {[%emt 0:02:42]} Ba6 {[%emt 0:03:52]} 14. Qd2 {[%emt 0:01:50]} Bb7 {[%emt 0:00:32]} 15. Bh6 {[%emt 0:02:21]} Bxh6 {[%emt 0:02:54]} 16. Qxh6 {[%emt 0:00:02]} Qh5 {[%emt 0:00:06]} 17. Qxh5 {[%emt 0:01:16]} Nxh5 {[%emt 0:00:03]} 18. Rac1 {[%emt 0:04:15]} Nf4 {[%emt 0:00:28]} 19. Re3 {[%emt 0:02:04]} Rac8 {[%emt 0:02:39]} 20. g3 {[%emt 0:00:49]} Ne6 {[%emt 0:00:38]} 21. Rd1 {[%emt 0:03:00]} Rfe8 {[%emt 0:02:46]} 22. e5 {[%emt 0:02:21]} Bxf3 {[%emt 0:00:35]} 23. Rxf3 {[%emt 0:00:18]} Ng5 {[%emt 0:00:05]} 24. Re3 {[%emt 0:00:53]} Nxh3+ {[%emt 0:00:07]} 25. Kg2 {[%emt 0:00:10]} Ng5 {[%emt 0:00:15]} 26. exd6 {[%emt 0:00:49]} exd6 {[%emt 0:00:07]} 27. Rxe8+ {[%emt 0:00:19]} Rxe8 {[%emt 0:00:01]} 28. Nb5 {[%emt 0:00:12]} d5 {[%emt 0:04:34]} 29. Nxa7 {[%emt 0:00:44]} Ra8 {[%emt 0:00:15]} 30. Nc6 {[%emt 0:00:06]} Rxa2 {[%emt 0:00:31]} 31. Ne7+ {[%emt 0:00:07]} Kf8 {[%emt 0:00:28]} 32. Nxd5 {[%emt 0:00:15]} Rxb2 {[%emt 0:00:07]} 33. Nc3 {[%emt 0:02:45]} b5 {[%emt 0:03:24]} 34. d5 {[%emt 0:01:11]} b4 {[%emt 0:03:02]} 35. Na4 {[%emt 0:01:06]} Ra2 {[%emt 0:00:29]} 36. Nc5 {[%emt 0:00:25]} Rc2 {[%emt 0:01:58]} 37. Nd3 {[%emt 0:00:08]} b3 {[%emt 0:01:56]} 38. d6 {[%emt 0:00:23]} Ke8 {[%emt 0:10:26]} 39. d7+ {[%emt 0:00:30]} Kd8 {[%emt 0:00:02]} 40. Nb4 {[%emt 0:03:06]} Rc7 {[%emt 0:04:42]} 41. Na6 {[%emt 0:01:16]} Rxd7 {[%emt 0:00:09]} 42. Rxd7+ {[%emt 0:00:09]} Kxd7 {[%emt 0:00:04]} 43. Nc5+ {[%emt 0:00:05]} Kd6 {[%emt 0:00:30]} 44. Nxb3 {[%emt 0:00:11]} Kd5 {[%emt 0:00:25]} 45. Nd2 {[%emt 0:01:17]} Ne4 {[%emt 0:02:27]} 46. Nf3 {[%emt 0:00:55]} f6 {[%emt 0:02:36]} 47. Nh2 {[%emt 0:01:09]} h5 {[%emt 0:01:57]} 48. Nf3 {[%emt 0:01:42]} g5 {[%emt 0:00:44]} 49. Ng1 {[%emt 0:03:15]} Kd4 {[%emt 0:02:33]} 50. Nh3 {[%emt 0:01:44]} Kd3 {[%emt 0:00:47]} 51. Kg1 {[%emt 0:01:27]} Ke2 {[%emt 0:00:32]} 52. Kg2 {[%emt 0:00:08]} Nd2 {[%emt 0:01:13]} 53. f4 {[%emt 0:00:56]} g4 {[%emt 0:00:31]} 54. Nf2 {[%emt 0:03:04]} f5 {[%emt 0:00:14]} 55. Kg1 {[%emt 0:02:55]} Kf3 {[%emt 0:02:47]} 56. Nh1 {[%emt 0:00:33]} Ne4 {[%emt 0:00:27]} 57. Kh2 {[%emt 0:00:10]} Nf2 0-1

[Event "Guimaraes Open 2018"]
[Site "Guimaraes"]
[Date "2018.10.06"]
[Round "3"]
[White "Fonseca, Pedro Miguel Ramos "]
[Black "Pipiras, Filipa Fortuna"]
[Result "0-1"]
[WhiteElo "1437"]
[BlackElo "1803"]
[Annotator "NA RC"]
[PlyCount "86"]
[EventDate "2018.10.04"]
[EventType "swiss"]
[EventCountry "POR"]
[SourceTitle "playchess.com"]
[Source "ChessBase"]
[SourceQuality "1"]
[TimeControl "5400+30"]

1. e4 {[%emt 0:00:00]} c6 {[%emt 0:00:58]} 2. Nc3 {[%emt 0:00:28]} d5 {[%emt 0:00:32]} 3. Nf3 {[%emt 0:00:15]} dxe4 {[%emt 0:00:32]} 4. Nxe4 {[%emt 0:03:12]} Nf6 {[%emt 0:00:41]} 5. Nxf6+ {[%emt 0:00:41]} exf6 {[%emt 0:00:30]} 6. d4 {[%emt 0:01:16]} Bd6 {[%emt 0:00:31]} 7. Bc4 {[%emt 0:00:59]} O-O {[%emt 0:00:38]} 8. O-O {[%emt 0:00:53]} Nd7 {[%emt 0:01:16]} 9. c3 {[%emt 0:01:24]} Qa5 {[%emt 0:03:33]} 10. Be3 {[%emt 0:03:22]} Re8 {[%emt 0:01:39]} 11. Re1 {[%emt 0:01:38]} Nf8 {[%emt 0:02:00]} 12. a4 {[%emt 0:08:15]} Bb8 {[%emt 0:08:17]} 13. b4 {[%emt 0:01:46]} Qc7 {[%emt 0:02:12]} 14. g3 {[%emt 0:00:52]} Qd8 {[%emt 0:01:41]} 15. Qd2 {[%emt 0:04:32]} Bg4 {[%emt 0:01:58]} 16. Nh4 {[%emt 0:01:49]} g5 {[%emt 0:06:15]} 17. Ng2 {[%emt 0:01:23]} Bf3 {[%emt 0:02:27]} 18. Be2 {[%emt 0:02:46]} Be4 19. f3 {[%emt 0:04:45]} Bf5 {[%emt 0:05:22]} 20. f4 {[%emt 0:05:05]} h6 {[%emt 0:02:56]} 21. Bd3 {[%emt 0:06:45]} Be6 {[%emt 0:03:00]} 22. Qd1 {[%emt 0:06:22]} Qd7 23. Qh5 {[%emt 0:05:15]} Kg7 {[%emt 0:06:08]} 24. Qf3 g4 {[%emt 0:10:17]} 25. Qf1 {[%emt 0:13:16]} f5 {[%emt 0:00:41]} 26. Qe2 {[%emt 0:05:19]} Ng6 {[%emt 0:01:43]} 27. b5 {[%emt 0:02:34]} h5 {[%emt 0:02:04]} 28. bxc6 {[%emt 0:01:32]} bxc6 {[%emt 0:00:22]} 29. c4 {[%emt 0:03:12]} h4 {[%emt 0:01:48]} 30. Nxh4 {[%emt 0:03:19]} Nxh4 {[%emt 0:00:49]} 31. gxh4 {[%emt 0:00:05]} Rh8 {[%emt 0:01:32]} 32. Qb2 {[%emt 0:01:15]} f6 {[%emt 0:01:22]} 33. Qf2 {[%emt 0:01:01]} Bc7 {[%emt 0:01:42]} 34. d5 {[%emt 0:02:33]} cxd5 {[%emt 0:00:49]} 35. cxd5 {[%emt 0:00:09]} Bxd5 {[%emt 0:02:10]} 36. Bxa7 {[%emt 0:02:22]} Ba5 {[%emt 0:02:17]} 37. Bc5 {[%emt 0:02:06]} Bxe1 {[%emt 0:00:13]} 38. Rxe1 {[%emt 0:00:07]} Rhe8 {[%emt 0:04:16]} 39. Rxe8 {[%emt 0:02:26]} Rxe8 {[%emt 0:00:42]} 40. Bb5 {[%emt 0:00:57]} Bc6 {[%emt 0:00:13]} 41. Bxc6 {[%emt 0:00:45]} Qxc6 {[%emt 0:00:09]} 42. Qc2 {[%emt 0:00:53]} Rc8 {[%emt 0:00:32]} 43. Qxf5 {[%emt 0:00:19]} Qxc5+ {[%emt 0:00:04]} 0-1

[Event "Guimaraes Open 2018"]
[Site "Guimaraes"]
[Date "2018.10.06"]
[Round "3"]
[White "Pinheiro, Paulo Fialho"]
[Black "Gawle, Ireneusz"]
[Result "0-1"]
[WhiteElo "1410"]
[BlackElo "1800"]
[Annotator "NA RC"]
[PlyCount "42"]
[EventDate "2018.10.04"]
[EventType "swiss"]
[EventCountry "POR"]
[SourceTitle "playchess.com"]
[Source "ChessBase"]
[SourceQuality "1"]
[TimeControl "5400+30"]

1. e4 {[%emt 0:00:00]} e5 {[%emt 0:00:00]} 2. Bc4 {[%emt 0:00:07]} Nf6 {[%emt 0:00:01]} 3. d4 {[%emt 0:01:39]} exd4 {[%emt 0:02:08]} 4. Nf3 {[%emt 0:00:20]} Nc6 {[%emt 0:01:33]} 5. Bg5 {[%emt 0:03:02]} h6 {[%emt 0:01:51]} 6. e5 {[%emt 0:03:05]} hxg5 {[%emt 0:00:31]} 7. Nxg5 {[%emt 0:00:25]} Nxe5 {[%emt 0:01:31]} 8. Qxd4 {[%emt 0:01:36]} Nxc4 {[%emt 0:00:25]} 9. Qxc4 {[%emt 0:00:12]} d5 {[%emt 0:00:27]} 10. Qb3 {[%emt 0:01:40]} Bd6 {[%emt 0:02:21]} 11. h3 {[%emt 0:01:20]} Ng4 {[%emt 0:09:03]} 12. Nf3 {[%emt 0:04:09]} Qe7+ {[%emt 0:00:42]} 13. Kf1 {[%emt 0:01:34]} c6 {[%emt 0:14:46]} 14. Nbd2 {[%emt 0:07:41]} Be6 {[%emt 0:01:34]} 15. Re1 {[%emt 0:10:20]} O-O-O {[%emt 0:01:12]} 16. c4 {[%emt 0:08:38]} Qc7 {[%emt 0:08:50]} 17. Nd4 {[%emt 0:06:08]} dxc4 {[%emt 0:04:46]} 18. Nxc4 {[%emt 0:00:14]} Bxc4+ {[%emt 0:02:47]} 19. Qxc4 {[%emt 0:00:10]} Nxf2 {[%emt 0:01:13]} 20. Kxf2 {[%emt 0:02:09]} Bg3+ {[%emt 0:00:25]} 21. Kf1 {[%emt 0:00:07]} Qf4+ {[%emt 0:00:18]} 0-1

[Event "Guimaraes Open 2018"]
[Site "Guimaraes"]
[Date "2018.10.06"]
[Round "4"]
[White "Solodovnichenko, Yuri"]
[Black "Medarde Santiago, Luis Marcos"]
[Result "1-0"]
[WhiteElo "2554"]
[BlackElo "2341"]
[Annotator "TA"]
[PlyCount "75"]
[EventDate "2018.10.04"]
[EventType "swiss"]
[EventCountry "POR"]
[SourceTitle "playchess.com"]
[Source "ChessBase"]
[SourceQuality "1"]

{[%evp 17,74,10,18,0,0,0,8,0,16,12,7,0,1,0,44,0,12,0,0,0,34,0,0,0,0,0,257,225,224,215,214,211,317,311,280,315,295,298,282,316,295,295,1245,1217,29991,29992,29992,29993,29994,29995,29995,29995,29996,29997,29997,29997,29997,29998,29999]} 1. e4 c5 2. Nf3 g6 3. d4 cxd4 4. Nxd4 Nc6 5. Nc3 Bg7 6. Be3 Nf6 7. Bc4 O-O 8. Bb3 Re8 {B35: Sicilian: Accelerated Dragon with 5 Nc3: main line} 9. O-O d6 {LiveBook: 32 Games} 10. Re1 $146 ({Predecessor:} 10. h3 Na5 11. Qd2 b6 12. Rfe1 Bb7 13. Bh6 Rc8 14. Bxg7 Kxg7 15. Rad1 Nxb3 16. axb3 {1-0 (38) Amonatov,F (2620)-Adhiban,B (2666) Doha 2016}) 10... Ng4 {The position is equal.} 11. Nxc6 bxc6 12. Bg5 Qb6 13. Qf3 Ne5 14. Qg3 Ba6 15. Qh4 Qc7 16. Re3 (16. f4 $5 {[%cal Rf4e5]} Nc4 17. f5 $11) 16... h5 17. f4 Nc4 18. Rg3 e6 (18... Bd4+ {feels hotter.} 19. Kh1 Bf2 20. f5 e6 21. Bf4 Bxg3 22. Qxg3 exf5 23. exf5 Qe7) 19. e5 (19. Bf6 {is interesting.} Bxf6 20. Qxf6 Qd8 21. Qg5 Kh7 22. Bxc4 Bxc4 23. b3) 19... dxe5 20. Bxc4 Bxc4 21. fxe5 Bxe5 $2 {[%mdl 8192]} (21... Bd5 $1 $11 {and Black is okay.} 22. Bf6 Qb6+ 23. Kh1 Qxb2) 22. Qxc4 $18 Qb6+ 23. Re3 Bd4 {[#]} 24. Rae1 $1 Bxe3+ (24... Reb8 {was called for.} 25. a3 Qc5 26. Qxc5 Bxc5) 25. Bxe3 Qxb2 26. Ne4 Red8 27. c3 Qb5 28. Nf6+ Kg7 29. Qf4 g5 $2 (29... Qf5) 30. Nxh5+ Kg6 31. Qf6+ {White mates.} Kxh5 32. h3 Qd5 33. g4+ Kh4 34. Qf1 {[%cal Re3f2]} Kg3 35. Bf2+ Kf4 {[#]} 36. Bg3+ $1 {[%mdl 512]} Kxg3 37. Re3+ Kh4 38. Qf2# {Precision: White = 58%, Black = 39%.} 1-0

[Event "Guimaraes Open 2018"]
[Site "Guimaraes"]
[Date "2018.10.06"]
[Round "4"]
[White "Huerga Leache, Mikel"]
[Black "Herrera Reyes, Jose Antonio"]
[Result "1-0"]
[WhiteElo "2438"]
[BlackElo "2343"]
[Annotator "TA"]
[PlyCount "85"]
[EventDate "2018.10.04"]
[EventType "swiss"]
[EventCountry "POR"]
[SourceTitle "playchess.com"]
[Source "ChessBase"]
[SourceQuality "1"]

{[%evp 16,85,78,19,22,-35,36,4,8,10,118,122,114,125,120,118,145,121,143,154,205,208,247,254,292,265,298,271,539,460,493,466,518,510,514,509,628,604,620,620,602,441,449,0,617,606,854,861,1051,433,927,909,874,864,883,908,1078,1036,2089,1944,1731,1296,2348,2111,1970,1813,29980,29981,29979,29980,29982,29980]} 1. d4 Nf6 2. c4 c5 3. d5 b5 4. Qc2 g6 5. e4 Bg7 6. Nf3 O-O 7. cxb5 a6 8. Nc3 d6 9. bxa6 {LiveBook: 3 Games. A57: Benko/Volga Gambit} (9. Bd3 $16) 9... Qa5 (9... e6 10. dxe6 Bxe6 11. Be2 Nxa6 12. O-O Nb4 13. Qb1 d5 14. a3 dxe4 15. Ng5 Nd3 16. Nxe6 fxe6 17. Nxe4 Nxc1 18. Nxf6+ Qxf6 19. Qxc1 Qxb2 20. Qxb2 Bxb2 {Dobrov,V (2511)-Tregubov,P (2625) Paris 2014}) 10. a7 (10. Bd2 $11) 10... Na6 $146 (10... Nxe4 $15 11. axb8=R (11. Qxe4 Bxc3+ 12. Nd2 Rxa7 $15) (11. axb8=N Rxb8 12. a4 Bf5 $11) 11... Rxb8) ({Predecessor:} 10... Rxa7 11. Bd2 Qb6 12. Nb5 Ra8 13. a4 Ba6 14. Ra3 e6 15. dxe6 fxe6 {1-0 (25) Nikolic,B (2148)-Bulatovic,I (1903) Obrenovac 2008}) 11. Bd2 {Nb5 is the strong threat.White is slightly better.} Nb4 12. Qb1 $1 {Threatening Nb5.} Rxa7 (12... e6 $11 {remains equal.}) 13. a3 $1 $16 e6 {[%cal Re6d5] [#]} 14. Be2 $1 $36 {[%mdl 2048] aiming for Nb5. White is on the roll.} exd5 15. O-O {Black must now prevent Nxd5.} dxe4 16. Nxe4 Nxe4 17. Qxe4 {Strongly threatening Rad1.} Bf5 (17... Qd8 $16 {is a better defense.}) 18. Qh4 $18 Re8 19. Rae1 ({Less strong is} 19. axb4 Qxa1 20. Bb5 (20. Rxa1 Rxa1+ 21. Bf1 Bd3 $17) 20... Ree7 $14) 19... Re4 20. axb4 Qc7 {[#]} 21. Bf4 $1 f6 $2 (21... Be5) 22. Qg3 Rxb4 23. Nd2 Qc6 24. Bxd6 h5 25. Bf3 {[%cal Be2f3,Bf3d5,Bd5g8][%mdl 32]} Qb6 {intending ...h4.} 26. Re8+ Kh7 27. Bd5 Rg4 28. Bg8+ Kh8 29. Bd5+ Kh7 30. Nc4 Qb5 31. Qe3 g5 32. Bxc5 (32. f4 $142) 32... Rd7 (32... Rc7 $142 33. Bg8+ Kh6) 33. Nd6 Rxd6 34. Bg8+ Kg6 35. Bxd6 Qc6 36. f3 Rxg2+ 37. Kxg2 Qxd6 38. Ba2 Qa6 39. Bb1 Bxb1 40. Rxb1 h4 41. Re1 {White mates.} Qb5 42. Qe2 Qb3 43. Re7 {Precision: White = 60%, Black = 32%.} 1-0

[Event "Guimaraes Open 2018"]
[Site "Guimaraes"]
[Date "2018.10.06"]
[Round "4"]
[White "Khamrakulov, Ibragim S."]
[Black "Fernandes, Miguel Antonio"]
[Result "1-0"]
[WhiteElo "2432"]
[BlackElo "2048"]
[Annotator "TA"]
[PlyCount "57"]
[EventDate "2018.10.04"]
[EventType "swiss"]
[EventCountry "POR"]
[SourceTitle "playchess.com"]
[Source "ChessBase"]
[SourceQuality "1"]

{[%evp 18,57,40,36,19,17,28,10,2,0,43,14,3,0,89,99,150,131,137,141,126,137,139,150,206,206,196,193,203,200,208,192,212,185,279,272,279,233,502,501,471,458]} 1. e4 d5 2. exd5 Qxd5 3. Nc3 Qd6 4. d4 Nf6 5. Nf3 g6 6. Bc4 Bg7 7. O-O {B01: Scandinavian Defence} O-O 8. Re1 a6 9. a4 Nc6 10. h3 {LiveBook: 5 Games} b6 11. b3 Nb4 12. Ba3 c5 13. Qe2 {[#]} Bb7 $146 ({Predecessor:} 13... e6 14. a5 bxa5 15. dxc5 Qc7 16. Na4 Bb7 {0-1 (58) Schoorl,R (2349)-Sasikiran,K (2680) Bilbao 2014}) 14. dxc5 ({Much worse is} 14. Qxe7 Qxe7 15. Rxe7 Bxf3 $17) 14... bxc5 15. Rad1 $36 {[%mdl 2048] White is more active.} ({Reject} 15. Qxe7 Qxe7 16. Rxe7 Bxf3 $15) 15... Qf4 {[#]} (15... Qb6 $11) 16. Ne5 $1 $16 Ne4 (16... Rae8 $142) 17. Nxe4 Bxe5 18. g3 Qxe4 19. Qxe4 Bxe4 20. Rxe4 Bd6 (20... Bf6 $16 {keeps fighting.} 21. c3 Na2) 21. c3 $18 Nc6 22. Rd5 Na5 23. Bxc5 Bxc5 24. Rxc5 Nxc4 25. Rcxc4 {KRR-KRR} e6 (25... Rfc8 $142 26. Rxe7 Rxc4 27. bxc4 Kf8) 26. b4 Rfd8 27. Red4 e5 $2 {[#]} (27... Rxd4 {was worth a try.} 28. Rxd4 Kg7) 28. Rxd8+ Rxd8 29. Rc6 {Precision: White = 85%, Black = 48%.} 1-0

[Event "Guimaraes Open 2018"]
[Site "Guimaraes"]
[Date "2018.10.06"]
[Round "4"]
[White "Suarez Uriel, Adrian"]
[Black "Fedorchuk, Sergey A."]
[Result "0-1"]
[WhiteElo "2385"]
[BlackElo "2604"]
[Annotator "TA"]
[PlyCount "80"]
[EventDate "2018.10.04"]
[EventType "swiss"]
[EventCountry "POR"]
[SourceTitle "playchess.com"]
[Source "ChessBase"]
[SourceQuality "1"]

{[%evp 13,80,33,27,46,40,0,0,0,0,11,13,0,71,0,71,65,60,14,40,27,36,0,0,-30,88,0,10,29,33,-20,33,-72,-65,-105,-98,-87,-98,-91,-77,-83,-100,-95,-106,-106,0,-41,-37,-149,-56,-46,-64,-470,-450,-757,-750,-735,108,-510,-503,-472,-484,-450,-429,-1014,-731,-1012,-977,-928,-914]} 1. e4 c5 2. Nf3 d6 3. Nc3 Bg4 4. d4 cxd4 5. Qxd4 Nc6 6. Bb5 a6 {B53: Sicilian: 2...d6: Lines with Qxd4} 7. Bxc6+ bxc6 {LiveBook: 4 Games} 8. Qc4 Qc8 {White is slightly better.} 9. Be3 $146 ({Predecessor:} 9. Nd4 Bd7 10. Bg5 h6 11. Bh4 e5 12. Nb3 Be6 13. Qa4 g5 14. Bg3 {0-1 (39) Druska,J (2448)-Tazbir,M (2519) Slovakia 2017}) 9... Rb8 10. O-O-O e5 11. h3 Be6 12. Qa4 Bd7 (12... Be7 $11) 13. Nd2 (13. Qa3 $16) 13... Qb7 (13... d5 $1 $11 14. exd5 cxd5) 14. Qb3 $16 Qc7 15. Qc4 Nf6 16. f4 Be7 17. g4 Be6 18. Qe2 d5 {[#]} (18... exf4 $11 {keeps the balance.} 19. Bxf4 O-O) 19. fxe5 (19. f5 $1 $16) 19... Qxe5 20. Nf3 Qc7 $1 21. Nd4 ({White should play} 21. Rhf1 $14) 21... Bb4 $11 22. Qd3 (22. Nxc6 $1 $14 Qxc6 23. exd5 Nxd5 24. Nxd5) 22... O-O $17 {...Bxc3 is the strong threat.} 23. Nxc6 dxe4 24. Qxa6 Bxc3 25. Nxb8 {[#]} Bxb2+ $1 {[%mdl 512]} 26. Kxb2 {aiming for Nc6.} Rxb8+ 27. Kc1 Rc8 {[%csl Gc8][%cal Rc7c2][%mdl 1024] Black has strong compensation.} 28. Rh2 h5 (28... Qe5 $17 {White must now prevent ...Qa1+.} 29. Qxc8+ Bxc8 30. Rd8+ Ne8 31. Rxc8 f6) 29. Rhd2 Nd5 30. Qa7 (30. Qa3 $1 $15) 30... Qc4 (30... Qc3 $17 {[%cal Rc3a1]} 31. Bd4 Qxh3) 31. gxh5 $15 {Hoping for Rg1.} Rc7 $40 {[%mdl 128] White needs to defend precisely.} ({Reject} 31... Bxh3 $6 32. Rg1 $16) 32. Qd4 $2 {[%mdl 8192]} ({White should try} 32. Qa3 $15) 32... Qxa2 $19 {Strongly threatening ...Nc3.} 33. Rg2 (33. Rg1 $142 Qa3+ 34. Qb2 Qxb2+ 35. Kxb2 Nxe3 36. Kc1) 33... Qa3+ 34. Kd2 Qxe3+ 35. Qxe3 Rxc2+ $1 {Black is clearly winning.} 36. Ke1 Nxe3 37. Rd8+ Kh7 38. Rg3 (38. Rxc2 $142 Nxc2+ 39. Kd2) 38... Nf5 39. Ra3 e3 40. Raa8 Kh6 {Precision: White = 36%, Black = 61%.} 0-1

[Event "Guimaraes Open 2018"]
[Site "Guimaraes"]
[Date "2018.10.06"]
[Round "4"]
[White "Martin Duque, Jesus"]
[Black "Spraggett, Kevin Barry"]
[Result "0-1"]
[WhiteElo "2383"]
[BlackElo "2513"]
[Annotator "TA"]
[PlyCount "78"]
[EventDate "2018.10.04"]
[EventType "swiss"]
[EventCountry "POR"]
[SourceTitle "playchess.com"]
[Source "ChessBase"]
[SourceQuality "1"]

{[%evp 10,78,20,8,26,16,38,27,35,18,31,31,81,43,77,47,67,36,43,28,35,29,24,18,18,18,32,36,37,40,64,21,45,-1,8,-52,-62,-68,-92,-128,-129,-125,-124,-111,-128,-104,-109,-129,-110,-183,-177,-164,-97,-242,-254,-307,-310,-300,-301,-286,-313,-322,-307,-468,-402,-844,-851,-1180,-1147,-1345,-1324]} 1. e4 c6 2. d4 d5 3. e5 Bf5 4. Nd2 e6 5. Nb3 Nd7 6. Nf3 h6 {B12: Caro-Kann: Advance Variation} (6... Ne7 7. Be2 Ng6 8. O-O f6 9. c4 dxc4 10. Bxc4 fxe5 11. Ng5 Qf6 12. g4 Nf4 13. Bxf4 exf4 14. Nxe6 Bxe6 15. Bxe6 {½-½ (46) Grischuk,A (2766)-Mamedyarov,S (2808) Paris 2018}) 7. Be2 Ne7 8. O-O Qc7 {White has an edge.} 9. a4 a5 10. c3 b6 $146 ({Predecessor:} 10... Nc8 11. Nh4 Bh7 12. Bh5 Ne7 13. Bg4 g5 14. Nf3 Bg6 15. Ne1 {1-0 (33) Albornoz Cabrera,C (2507)-Soto Hernandez,H (2466) Havana 2018}) 11. Ne1 Bh7 12. Bd2 Rd8 13. Nc1 {[%cal Bb3c1,Bc1d3,Bd3f4,Bf4h5][%mdl 32]} c5 14. Ncd3 Nc6 15. Be3 Be7 16. Nc2 O-O 17. Na3 Na7 18. Nf4 Kh8 19. Nh5 Rg8 20. Bg4 Qc6 21. Bh3 Rdf8 22. Nb1 (22. f4 $11) 22... b5 $15 23. Nd2 bxa4 24. Rxa4 {[#]} cxd4 $1 25. Bxd4 Qc7 26. f4 Nc5 27. Ra2 Nc6 28. Be3 Rb8 29. Kh1 {[#]} (29. f5 $17 {keeps fighting.}) 29... Nd3 $1 $19 30. b3 Nc5 (30... d4 $19 31. Bxd4 Nxd4 32. cxd4 Qc3) 31. Re1 (31. Ng3 $17 {might work better.}) 31... Rgd8 32. Bg1 ({Much weaker is} 32. Bxc5 Bxc5 33. Qe2 Qb6 $19) 32... d4 33. cxd4 Nxd4 34. Qg4 {[%csl Gh5][%cal Rg4g7]} Bg6 35. Rc1 Qb7 ({Don't take} 35... Ndxb3 36. Nxb3 Rxb3 37. Ng3 $19) 36. Rc3 (36. Rf1 {was called for.}) 36... Ncxb3 37. Nc4 (37. Nxb3 $142 Nxb3 38. Rb2) 37... Qb4 {Black is clearly winning.} 38. Rcc2 Nxc2 39. Rxc2 Nd4 {Precision: White = 33%, Black = 61%.} 0-1

[Event "Guimaraes Open 2018"]
[Site "Guimaraes"]
[Date "2018.10.06"]
[Round "4"]
[White "Pazos Porta, Antonio"]
[Black "Fernandes, Ricardo Paulos"]
[Result "1-0"]
[WhiteElo "2333"]
[BlackElo "2160"]
[Annotator "TA"]
[PlyCount "57"]
[EventDate "2018.10.04"]
[EventType "swiss"]
[EventCountry "POR"]
[SourceTitle "playchess.com"]
[Source "ChessBase"]
[SourceQuality "1"]

{[%evp 18,57,18,8,76,20,23,23,23,25,14,-41,-43,-30,33,46,32,40,47,29,32,32,124,85,107,87,123,125,370,372,364,364,458,437,449,422,755,728,2256,2056,1476,1366]} 1. d4 Nf6 2. g3 g6 3. Bg2 Bg7 4. e4 d6 5. Nc3 O-O 6. Nge2 c5 7. dxc5 dxc5 8. Qxd8 Rxd8 9. Be3 Na6 {B07: Pirc Defence: Miscellaneous Systems} 10. h3 {LiveBook: 20 Games} e6 (10... Ne8 $11 {keeps the balance.}) (10... e5 11. g4 b6 12. g5 Ne8 13. Nd5 Nb4 14. O-O-O Nxd5 15. exd5 Nd6 16. Nc3 Bf5 17. h4 {0-1 (41) Stupak,K (2531)-Amonatov,F (2591) St Petersburg 2015}) 11. f4 $146 (11. e5 $16 Nd5 12. O-O-O) ({Predecessor:} 11. Rd1 Rxd1+ 12. Kxd1 Ne8 13. Kc1 b6 14. e5 Rb8 15. f4 Bb7 16. Bxb7 Rxb7 17. Rd1 Kf8 18. Ne4 Ke7 19. N2c3 Nac7 20. Nxc5 Rb8 21. Rd7+ Kf8 22. Rxc7 {1-0 (22) Feletar,D (2382)-Kadric,D (2133) Pula 2009}) 11... b6 {The position is equal.} 12. e5 Nd5 13. Bd2 Bb7 14. Ne4 (14. Rg1 $11) 14... Nab4 $15 15. O-O-O Ba6 (15... Nxa2+ $11 16. Kb1 Ba6) 16. N2c3 $14 Rab8 17. Nxd5 Nxd5 18. Rhe1 Bf8 19. Bf3 b5 (19... Be7 $14) 20. g4 b4 {[#]} 21. f5 $1 {[%mdl 512]} c4 ({Not} 21... gxf5 $2 22. gxf5 h6 23. Rg1+ Kh8 24. fxe6 $18) (21... exf5 22. gxf5) 22. Bg5 Rd7 $2 {[#]} (22... Rdc8 $16) 23. Rxd5 $1 $18 {[%mdl 512]} Rxd5 24. Nf6+ Kg7 25. Nxd5 {White is clearly winning.} exd5 26. Bxd5 Re8 (26... Bb5 $142 27. Bf6+ Kg8) 27. Bf6+ Kg8 28. e6 {[%csl Gd5][%cal Re6f7]} Bh6+ 29. g5 {Precision: White = 64%, Black = 37%.} 1-0